01950nam a22003372a 4500003001200000005001700012006001900029007000300048008002400051020001900075040002200094041000600116082002500122100002800147245010500175250001300280260003800293300002100331500007000352504003100422505059800453590002501051650003901076650003901115910001101154942001201165952013501177952014001312952014301452999001701595DO-SD BPMSU20210415130257.0a|||||r|||| 00| 0dta210204b 2014 dr 0 spa d a9789945460575  aBPMSUbspacBPMSU a  a465bM971L, 20162221 aMuñoz, Orlandod1972-13aLa lengua en movimiento :b manual de teoría y ejercicios de Lengua Española /cOrlando Muñoz  a5a. ed.  aSanto Domingo : bBúho, c2016  a410, p ;c23 cm. aIncluye datos biográficos del autor en la solapa de la cubierta aBibliográfica : p.4074100 aLa comunicación lingüística -- La pragmática lingüística -- La compresión de la lectura -- El estudio de la lengua -- La lengua española en el tiempo -- El español en America y la República Dominicana -- El aspecto oral de la lengua -- El aspecto formal de la lengua -- La sintaxis del español -- Lexicología y semántica del español -- La Expresión escrita -- La ortografía de la lengua española -- Estructura argumentativas y analógicas -- Las figuras lingüísticas del discurso -- Expresiones homófonas y parónimas -- Bibliografía básica. 8  6Inventariado,2021/VM 4aEspañol xGramática vManuales 4aEspañol xEnseñanzavManuales  aVMateo 2ddccBK 00102ddc40708CDaBPMETbBPMETd2021-04-15eeditora BúhooBPMSU CD 465 M971L, 2016pBPMSU21040022r2021-04-15w2021-04-15yBK 00102ddc40708CDaBPMETbBPMETd2021-04-15eEditora BúhooBPMSU CD 465 M971L, 2016pBPMSU21040023r2021-04-15te.2w2021-04-15yBK 00102ddc40708CDaBPMETbBPMETd2021-04-15eEditora Búhol0oBPMSU CD 465 M971L, 2016pBPMSU25110122r2025-11-28te.3w2021-04-15yBK c13369d13369